banner koha

Eletrificação rural para irrigação do feijão (Registro n. 298668)

MARC details
000 -LÍDER
fixed length control field 00867nab a22002177a 4500
003 - CÓDIGO MARC DA AGÊNCIA CATALOGADORA
Campo de controle BR-BrBNA
005 - DATA E HORA DA ÚLTIMA ATUALIZAÇÃO
Campo de controle 20240304125537.0
008 - CAMPO DE TAMANHO FIXO
fixed length control field 240304b bl.||||| |||| 00| 0 por d
040 ## - FONTE DA CATALOGAÇÃO
Agência catalogadora BR-BrBNA
Idioma da catalogação por
072 ## - CATEGORIA AGRIS
Código AGRIS N01 ; N20 ; F01
Código do objeto 4630 ; 1410
100 ## - ENTRADA PRINCIPAL - NOME PESSOAL
Nome pessoal Silveira, Olavo
245 ## - TÍTULO PRINCIPAL
Título principal Eletrificação rural para irrigação do feijão
942 ## - ADDED ENTRY ELEMENTS (KOHA)
Koha item type
650 ## - ASSUNTO - THESAGRO
Cabeçalho tópico ou nome geográfico ELETRIFICAÇÃO RURAL
650 ## - ASSUNTO - THESAGRO
Cabeçalho tópico ou nome geográfico ENGENHARIA AGRÍCOLA
650 ## - ASSUNTO - THESAGRO
Cabeçalho tópico ou nome geográfico MOTOR ELÉTRICO
650 ## - ASSUNTO - THESAGRO
Cabeçalho tópico ou nome geográfico IRRIGAÇÃO POR ASPERSÃO
650 ## - ASSUNTO - THESAGRO
Cabeçalho tópico ou nome geográfico FEIJÃO
773 0# - ENTRADA ANALÍTICA
Host Biblionumber 1330
Registro do item 275255
Imprenta Campinas-SP Coordenadoria de Assistência Técnica Integral - CATI - Centro de Comunicação Rural e Treinamento - CECORT 1979. Data final de publicação em 1990
Outro identificador 2023-437061
Título Casa da Agricultura (Brazil)
ISSN 0100-6541
Colação v. 3(2) p. 17 (Mar-Apr 1981)
Número de controle de registro BR2024000190

Nenhum exemplar disponível.

BINAGRI

Telefone: (61)3218-2567/2388/3357/2097 - binagri@agro.gov.br

Ministério da Agricultura e Pecuária , Esplanada dos Ministérios, Bloco D, Anexo B, Brasília/DF, CEP: 70.043-900